Vplyv znižovania sadzby DPH na vybrané podniky cestovného ruchu na Slovensku diplomová práca

Guardado en:
Detalles Bibliográficos
Autor principal: Pavlusová, Simona
Autor Corporativo: Obchodná fakulta EU. Katedra cestovného ruchu
Otros Autores: Dula, Radúz, 1979-
Formato: Libro
Lenguaje:eslovaco
Publicado: Bratislava 2024
Etiquetas: Agregar Etiqueta
Sin Etiquetas, Sea el primero en etiquetar este registro!

MARC

LEADER 00000nbm a2200000 4500
001 0302421
005 20250821122138.6
041 0 |a slo 
044 |a SK 
245 1 0 |a Vplyv znižovania sadzby DPH na vybrané podniky cestovného ruchu na Slovensku  |b diplomová práca  |c Simona Pavlusová ; školiteľ: Radúz Dula 
264 1 |a Bratislava  |c 2024 
300 |a 77 s. 
100 1 |a Pavlusová, Simona 
700 1 |a Dula, Radúz, 1979- 
710 2 |a Obchodná fakulta EU. Katedra cestovného ruchu